[Event "AUTO-INT-1129"]
[Site "http://www.queenalice.com/game.php?id=505089"]
[Date "2008.12.9"]
[Round "1"]
[White "Adinirso"]
[Black "guilherme_kafifa"]
[Result "1-0"]
[WhiteElo "1691"]
[BlackElo "1551"]

1. e4 e5 2. Nc3 a6 3. a3 Nc6 4. Bc4 Bc5 5. Nf3 h6 6. h3 b5 7. Bb3 d6 8. d3 Nf6
9. O-O O-O 10. Qe2 Bd7 11. Be3 Bxe3 12. Qxe3 Na7 13. Ba2 c5 14. Ne2 Nc6 15. Rfd1
Re8 16. g4 g5 17. Nc3 Kg7 18. Re1 Ng8 19. Nd2 f6 20. f3 Nge7 21. Kg2 Kg6 22.
Rab1 Nd4 23. Bb3 Qa5 24. Bd5 Nxc2 25. Qe2 Rab8 26. Nb3 Nxe1+ 27. Rxe1 Qc7 28.
Qe3 Nxd5 29. Nxd5 Qc6 30. Re2 Be6 31. Na5 Qc8 32. b4 cxb4 33. axb4 Bxd5 34. exd5
Qc7 35. Qe4+ f5 36. Nc6 fxe4 37. Nxb8 exf3+ 38. Kxf3 Re6 39. Nxa6 Re7 40. Nxc7
Rxc7 41. Re4 Rc5 42. bxc5 dxc5 43. Rxe5 c4 44. dxc4 bxc4 45. Re3 h5 46. gxh5+
Kxh5 47. d6 Kh4 48. Kg2 g4 49. d7 gxh3+ 50. Kh2 Kg4 51. d8=Q Kf5 52. Kxh3 Kg6
53. Qf8 Kg5 54. Rg3+ Kh5 55. Qh8# 1-0

[Event "AUTO-INT-1129"]
[Site "http://www.queenalice.com/game.php?id=505090"]
[Date "2008.12.9"]
[Round "1"]
[White "guilherme_kafifa"]
[Black "Adinirso"]
[Result "0-1"]
[WhiteElo "1562"]
[BlackElo "1680"]

1. e4 e5 2. a3 a6 3. Nc3 Nc6 4. Bc4 Bc5 5. h3 d6 6. d3 b5 7. Bb3 Nf6 8. Nf3 h6
9. Bd2 O-O 10. O-O Be6 11. Bxe6 fxe6 12. Re1 Ba7 13. b4 Bb6 14. Be3 Bxe3 15.
Rxe3 Qe7 16. Qd2 d5 17. Ree1 Nh7 18. Qe3 Nd8 19. exd5 exd5 20. Nxd5 Qd6 21. Qxe5
Ra7 22. Qxd6 cxd6 23. Ne7+ Kf7 24. Re3 Rxe7 25. Rae1 Rfe8 26. Kf1 Re6 27. d4 d5
28. R1e2 R8e7 29. Re1 Re4 30. Ne5+ Kf6 31. c3 Re8 32. R1e2 Re6 33. Re1 Re7 34.
c4 dxc4 35. f3 Rxd4 36. Nd7+ Rdxd7 37. g4 Ng5 38. Re5 Nxf3 39. R1e3 Nxe5 40.
Rxe5 Kxe5 41. Kf2 c3 42. Ke2 Kf4+ 43. Kf2 c2 44. h4 Kxg4 45. h5 c1=Q 46. Kg2
Rd2# 0-1

[Event "AUTO-INT-1129"]
[Site "http://www.queenalice.com/game.php?id=505105"]
[Date "2008.12.9"]
[Round "1"]
[White "guilherme_kafifa"]
[Black "ASB_enxadrista"]
[Result "0-1"]
[WhiteElo "1577"]
[BlackElo "1584"]

1. e4 c5 2. Nc3 Nc6 3. a3 d6 4. Bc4 Nf6 5. d3 e5 6. Nf3 Bg4 7. h3 Bd7 8. Be3 Be7
9. Qd2 a6 10. Ba2 b5 11. g4 h6 12. O-O-O b4 13. Nb1 a5 14. a4 Nd4 15. Bxd4 cxd4
16. Bd5 Nxd5 17. exd5 Bxa4 18. b3 Bb5 19. Ne1 Bg5 0-1

[Event "AUTO-INT-1129"]
[Site "http://www.queenalice.com/game.php?id=505106"]
[Date "2008.12.9"]
[Round "1"]
[White "ASB_enxadrista"]
[Black "guilherme_kafifa"]
[Result "0-1"]
[WhiteElo "1583"]
[BlackElo "1521"]

1. e4 e5 2. Nf3 Bd6 3. d4 exd4 4. Nxd4 Nf6 5. Bg5 h6 6. Bxf6 Qxf6 7. Nc3 Be5 8.
Nde2 d6 9. Qd2 Be6 10. f4 Bxc3 11. Qxc3 Qxc3+ 12. Nxc3 a6 13. Bd3 Nc6 14. O-O
O-O 15. f5 Bd7 16. Rf3 Nd4 17. Rg3 f6 18. Nd5 c5 19. Ne7+ Kf7 20. Ng6 Rfe8 21.
c3 Nc6 22. Bc4+ Be6 23. Bxe6+ Rxe6 24. fxe6+ Kxe6 25. Nf4+ Ke5 26. Ng6+ Kxe4 27.
Re1+ Kf5 28. Nh4+ Kf4 29. Rf3+ Kg4 0-1

[Event "AUTO-INT-1129"]
[Site "http://www.queenalice.com/game.php?id=505107"]
[Date "2008.12.9"]
[Round "1"]
[White "guilherme_kafifa"]
[Black "ricardosf"]
[Result "0-1"]
[WhiteElo "1587"]
[BlackElo "1543"]

1. e4 e5 2. Nf3 d6 3. h3 Nc6 4. Nc3 Nd4 5. a3 Nxf3+ 6. Qxf3 Nf6 7. Bc4 Be6 8.
Bxe6 fxe6 9. O-O d5 10. exd5 exd5 11. Re1 Bd6 0-1

[Event "AUTO-INT-1129"]
[Site "http://www.queenalice.com/game.php?id=505108"]
[Date "2008.12.9"]
[Round "1"]
[White "ricardosf"]
[Black "guilherme_kafifa"]
[Result "1-0"]
[WhiteElo "1561"]
[BlackElo "1569"]

1. e4 e5 2. Nf3 Nc6 3. Bc4 h6 4. Nc3 a6 5. Bxf7+ Kxf7 6. Nd5 d6 7. d3 Nf6 8.
Nxf6 Qxf6 9. g4 Kg8 10. h4 Bxg4 11. b3 1-0

[Event "AUTO-INT-1037"]
[Site "http://www.queenalice.com/game.php?id=517990"]
[Date "2009.1.6"]
[Round "2"]
[White "flopp"]
[Black "guilherme_kafifa"]
[Result "1-0"]
[WhiteElo "1847"]
[BlackElo "1477"]

1. e4 e5 2. Nf3 Nc6 3. Bc4 h6 4. O-O a6 5. d4 exd4 6. Nxd4 Nxd4 7. Qxd4 Nf6 8.
Nc3 Be7 9. h3 O-O 10. e5 Ne8 11. Re1 c5 12. Qd1 b5 13. Bd5 Ra7 14. Ne2 c4 15.
Be3 1-0

[Event "AUTO-INT-1037"]
[Site "http://www.queenalice.com/game.php?id=517991"]
[Date "2009.1.6"]
[Round "2"]
[White "guilherme_kafifa"]
[Black "flopp"]
[Result "0-1"]
[WhiteElo "1479"]
[BlackElo "1845"]

1. e4 e5 2. Nf3 Nc6 3. a3 Nf6 4. Nc3 d6 5. h3 g6 6. Bc4 Bg7 7. d3 Be6 8. Bxe6
fxe6 9. Bg5 Qd7 10. O-O O-O-O 11. b4 Rdf8 12. Re1 Nh5 13. g4 Nf4 14. Bxf4 exf4
0-1